| 000 | 00608nam a2200205 a 4500 | ||
|---|---|---|---|
| 005 | 20140310183354.0 | ||
| 008 | 120919s19uu xx 00 eng d | ||
| 020 | _a9780534637279 | ||
| 050 |
_aPN 4129.15 _b.C66 2009 |
||
| 100 | _aCoopman, Stephanie J. | ||
| 245 |
_aPublic speaking : _bthe evolving art / _cStephanie J. Coopman, James Lull. |
||
| 250 | _a1st ed. | ||
| 260 |
_aBoston, MA, USA : _bWadsworth Cengage Learning, _c2009. |
||
| 300 |
_axx, 445 p. : _bcol. ill. ; _c20 cm. |
||
| 521 | _aMC | ||
| 650 | _aPublic speaking | ||
| 700 | _aLull, James | ||
| 942 |
_cBK _2lcc _kFOR |
||
| 999 |
_c22190 _d22190 |
||